Sports Quiz

Random Sports or Auto Racing Quiz

Place The Race Track Quiz Stats

Quiz not verified by Sporcle

Challenge
Share
Tweet
Embed
Score 0/30 Timer 05:00
0 Plays Today
% Correct
Italy
84.3%
Germany
83.2%
Russia
77.8%
Malaysia
77.3%
Belgium
76.3%
Canada
75.2%
Mexico
73.2%
Japan
73.1%
Australia
73%
Portugal
72.6%
Czechia
70.9%
France
70.6%
United Kingdom
70.2%
France
69.5%
United Arab Emirates
67.4%
% Correct
India
66.9%
United Kingdom
66.7%
Netherlands
65.7%
Singapore
64.4%
Norway
61.9%
Brazil
61.2%
South Africa
61.1%
United States
56.2%
United States
54.6%
Qatar
51.2%
Guatemala
41.5%
Ireland
40.5%
China
30.9%
Barbados
26%
Saudi Arabia
23%

You're not logged in!

Compare scores with friends on all Sporcle quizzes.
Sign Up with Email
OR
Log In

You Might Also Like...

Show Comments

Extras

Top Quizzes Today


Score Distribution

Your Account Isn't Verified!

In order to create a playlist on Sporcle, you need to verify the email address you used during registration. Go to your Sporcle Settings to finish the process.